000 00233nam a2200097Ia 4500
001 793167
005 20250826170643.0
008 250824s9999 xx 000 0 und d
245 0 _aSABAH UYKUM
_cAHMET BATMAN
260 _bDESTEK YAYINLARI
999 _c793167
_d793167